Normal view
MARC view
- DEWBERRY,O.SIDNEY
Entry Personal Name
001 - CONTROL NUMBER
- control field: 90205
003 - CONTROL NUMBER IDENTIFIER
- control field: NUST
005 - DATE AND TIME OF LATEST TRANSACTION
- control field: 20220304162935.0
008 - FIXED-LENGTH DATA ELEMENTS
- fixed length control field: 220304|| aca||aabn | a|a d
040 ## - CATALOGING SOURCE
- Original cataloging agency: NUST
- Transcribing agency: NUST
100 ## - HEADING--PERSONAL NAME
- Personal name: DEWBERRY,O.SIDNEY
670 ## - SOURCE DATA FOUND
- Source citation: Work cat.: (NUST): DEWBERRY,O.SIDNEY., LAND DEVELOPMENT HAND BOOK /, 2003.
